000 00620nam a2200157 i 4500
001 114802
003 ES-MaACL
007 t|
008 070328s1903 xxu ||||1| eng d
100 1 _aLongueville, Thomas.
_973258
245 1 0 _aRochester and other literary rakes of the court of Charles II
_b: with some account of their surroundings /
_cby the author of "The life of Sir Kenelm Digby," The life of a prig," etc. ...
260 _aNew York :
_b[s.n.],
_c1903 (
_fThe Aberdeen University Press)
300 _aXII, 330 p. ;
_c23 cm.
600 1 4 _aRochester, John Wilmot
_cEarl of.
_998074
852 _aES-MaACL
_jC-826
999 _c114802
_d114802